El pensamiento europeo en el siglo XVIII
Kaydedildi:
| Yazar: | |
|---|---|
| Materyal Türü: | Kitap |
| Dil: | İspanyolca |
| Baskı/Yayın Bilgisi: |
Madrid
Revista de Occidente
1946
|
| Konular: | |
| Etiketler: |
Etiketle
Etiket eklenmemiş, İlk siz ekleyin!
|
MARC
| LEADER | 00000nam a2200000 a 4500 | ||
|---|---|---|---|
| 001 | UCX8033 | ||
| 003 | CL-VaPUC | ||
| 008 | 940120e19460000SP |||||||||||||||||spa|d | ||
| 082 | 0 | 4 | |a 190 |b HAZ |2 21 |
| 100 | |a Hazard, Paul |e author |9 433660 | ||
| 245 | 1 | 3 | |a El pensamiento europeo en el siglo XVIII |
| 300 | |a 454 p | ||
| 942 | |c BK | ||
| 945 | |d 19940120 00:00:00 |a rbrito | ||
| 260 | |a Madrid |b Revista de Occidente |c 1946 | ||
| 650 | 7 | |a FILOSOFIA SIGLO 18 |2 CL-VaPUC |9 325041 | |
| 650 | 7 | |a PENSAMIENTO RELIGIOSO SIGLO 18 |2 CL-VaPUC |9 325042 | |
| 651 | 0 | |a Europa |9 255156 | |
| 583 | |a last modification |c 19940120 00:00:00 |k Rodrigo Vera | ||
| 999 | |c 227665 |d 227663 | ||
| 952 | |0 0 |1 0 |4 0 |6 190_000000000000000_HAZ_1946 |7 0 |8 A |9 226828 |a BIBEDU |b BIBEDU |d 2019-11-15 |i 2959925 |o 190 HAZ 1946 |p 2959925 |r 2019-11-15 |w 2019-11-15 |y BK |k LIT | ||
| 952 | |0 0 |1 0 |4 0 |6 190_000000000000000_HAZ_1946 |7 0 |8 X |9 226829 |a BIBHIS |b BIBHIS |d 2019-11-15 |i 1359878 |l 1 |o 190 HAZ 1946 |p 1359878 |r 2024-01-30 |s 2022-08-22 |w 2019-11-15 |y BK_X |k HIS | ||